000
00285nam a22001337a 4500
008
171027b xxu||||| |||| 00| 0 eng d
020
_a
9780262134514
041
_a
eng
080
_a
336
100
_a
56
101
_a
FIN
245
_a
EXCHANGE RATES
_c
KINNON,R.I
942
_2
udc
_c
BK
999
_c
36237
_d
36237